01022nam a2200241 a 4500001001000000005001700010008004100027020001500068040001800083050002400101100003800125245023600163260003300399300003200432500002100464504003100485600007100516600007300587650003200660650004200692700001900734700002700753BRCA_115620190320203315.0920706s1990 mx-a---##b---#000-0#spa-# a9686084274 aDLCcDLCdDLC 4aNB259.X8b.T68 19901 aTovar de Teresa, Guillermod1956-10aLos escultores mestizos del barroco novohispanobTomás Xuárez y Salvador de Ocampo, 1673-1724cGuillermo Tovar de Teresa ; texto introductorio, Julián Meza ; textos sobre la sillería de San Agustín, Abundio Tomás Parra. aMéxicobBanca Serfinc1990 a175 p.bil. a colorc32 cm. aIncluye glosario aBibliografía: p. 171-17514aXuárez, Tomásdca. 1650-ca. 1724xCrítica e interpretación14aOcampo, Salvador dedca. 1665-ca. 1732xCrítica e interpretación14aEscultura barrocazMéxico14aArte cristiano y simbolismozMéxico1 aMeza, Julián1 aParra, Abundio Tomás